000 00514nam a2200181 4500
001 16441
005 20230410103853.0
008 060907n2003 dr spa
020 _a0892064323
035 _9funglode16575
041 _aEN
050 1 4 _a414 DS 79.76 C794i 2003
100 _aCordesman, Anthony H.
245 1 4 _aThe iraq war :
_bstrategy, tactics, and military lessons /
_cAnthony H. Cordesman
260 _aWashington :
_bThe CSIS Press,
_c2003
300 _axiv, 572p.
942 _2lcc
_cbk
999 _c27458
_d27458